| Tag |
First Indicator |
Second Indicator |
Subfields |
| LEADER |
00000cam a2200000Ii 4500 |
| 001 |
in00001712921 |
| 005 |
20151024194013.0 |
| 008 |
771026s1964 pl abh 000 0 pol |
| 010 |
|
|
|a 65075224
|
| 019 |
|
|
|a 18245287
|
| 035 |
|
|
|a (OCoLC)ocm03369342
|
| 040 |
|
|
|a DLC
|c IUL
|d OCL
|d OCLCQ
|d TXA
|d UtOrBLW
|
| 041 |
0 |
|
|a pol
|a eng
|
| 043 |
|
|
|a e-pl---
|
| 045 |
|
|
|a x3x5
|
| 049 |
|
|
|a TXAM
|
| 050 |
0 |
0 |
|a DK4622
|b .C494
|
| 100 |
1 |
|
|a Ciborowski, Adolf.
|
| 245 |
1 |
0 |
|a Warszawa :
|b o zniszczeniu i odbudowie miasta /
|c Adolf Ciborowski.
|
| 250 |
|
|
|a [Wyd. 1.
|
| 264 |
|
1 |
|a Warszawa :
|b Polonia,
|c 1964]
|
| 300 |
|
|
|a 337 pages :
|b illustrations (part color), facsimiles, color maps ;
|c 26 cm.
|
| 336 |
|
|
|a text
|b txt
|2 rdacontent
|
| 337 |
|
|
|a unmediated
|b n
|2 rdamedia
|
| 338 |
|
|
|a volume
|b nc
|2 rdacarrier
|
| 500 |
|
|
|a Legends on maps also in English.
|
| 651 |
|
0 |
|a Warsaw (Poland)
|v Pictorial works.
|
| 650 |
|
0 |
|a Reconstruction (1939-1951)
|z Poland
|z Warsaw.
|
| 948 |
|
|
|a cataloged
|b h
|c 2003/1/16
|d c
|e spoltoratski
|f 2:17:58 pm
|
| 994 |
|
|
|a E0
|b TXA
|
| 999 |
|
|
|a MARS
|
| 999 |
f |
f |
|s 31a8d6f2-c07e-3f05-a58e-8b257543e635
|i ae1ee1bd-c06b-32ac-b1ba-890c2d50d04e
|t 0
|
| 952 |
f |
f |
|p ric
|a Texas A&M University
|b Rellis Campus
|c Joint Library Facility
|d Remote Storage
|t 0
|e DK4622 .C494
|h Library of Congress classification
|i unmediated -- volume
|m A14829735378
|
| 998 |
f |
f |
|a DK4622 .C494
|t 0
|l Remote Storage
|